LEADER 01140nam0-22003251i-450- 001 990000956860403321 035 $a000095686 035 $aFED01000095686 035 $a(Aleph)000095686FED01 035 $a000095686 100 $a20000920d1970----km-y0itay50------ba 101 0 $aeng 200 1 $aTheoretical Approaches to Non-Numerical Problem Solving$eProceedings of the IV Systems Symposium at Case Western Reserve University$fedited by R.B. Banerji and M.D. Mesarovic 210 $aBerlin [etc.]$cSpringer-Verlag$d1970 225 1 $aLecture Notes in Operations Research and Mathematical Systems$eEconomics, Computer Science, Information and Control$v28 610 0 $aCibernetica 610 0 $aTeoria dei giochi 610 0 $aTeoria degli automi 610 0 $aIntelligenza artificiale 676 $a510.78 700 1$aBanerji,$bRanan B.$044342 702 1$aMesarovic,$bM.D. 801 0$aIT$bUNINA$gRICA$2UNIMARC 901 $aBK 912 $a990000956860403321 952 $a8-086$b7258$fFI1 959 $aFI1 996 $aTheoretical Approaches to Non-Numerical Problem Solving$9357831 997 $aUNINA DB $aING01 LEADER 00978nam a2200253 i 4500 001 991000802589707536 008 100719s2007 xxka b 001 i eng 020 $a9780199203956 035 $ab13913979-39ule_inst 040 $aBiblioteca Interfacoltà$bita 082 04$a 876.0109 245 00$aAncient letters :$bclassical and late antique epistolography /$cedited by Ruth Morello and A. D. Morrison 260 $aOxford ;$aNew York :$bOxford University Press,$c2007 300 $aXVII, 373 p. :$bill. ;$c23 cm. 504 $aBibliografia: p. 349-366. 650 4$aEpistolografia latina$xStoria$yAntichità 700 1 $aMorello, Ruth. 700 1 $aMorrison, A. D. 907 $a.b13913979$b02-04-14$c19-07-10 912 $a991000802589707536 945 $aLE002 876.0109 ANC$g1$i2002000614575$lle002$op$pE74.92$q-$rl$s- $t0$u0$v0$w0$x0$y.i15154841$z19-07-10 996 $aAncient letters$9226243 997 $aUNISALENTO 998 $ale002$b19-07-10$cm$da $e-$feng$gxxk$h0$i0